LEADER 03096nam 22007213u 450 001 9910461859503321 005 20210107013852.0 010 $a1-280-78469-5 010 $a9786613695086 010 $a1-118-42197-3 035 $a(CKB)2670000000208349 035 $a(EBL)947216 035 $a(OCoLC)797916834 035 $a(SSID)ssj0000614532 035 $a(PQKBManifestationID)11391469 035 $a(PQKBTitleCode)TC0000614532 035 $a(PQKBWorkID)10605657 035 $a(PQKB)10626567 035 $a(MiAaPQ)EBC947216 035 $a(EXLCZ)992670000000208349 100 $a20131118d2012|||| u|| | 101 0 $aeng 135 $aur|n|---||||| 181 $ctxt 182 $cc 183 $acr 200 10$aReminiscences of a Stock Operator (Special Large Print Amazon Edition)$b[electronic resource] 210 $aHoboken $cWiley$d2012 215 $a1 online resource (287 p.) 225 1 $aA Marketplace Book 300 $aDescription based upon print version of record. 311 $a0-470-58084-4 327 $aReminiscences of a Stock Operator; Foreword; Chapter I; Chapter II; Chapter III; Chapter IV; Chapter V; Chapter VI; Chapter VII; Chapter VIII; Chapter IX; Chapter X; Chapter XI; Chapter XII; Chapter XIII; Chapter XIV; Chapter XV; Chapter XVI; Chapter XVII; Chapter XVIII; Chapter XIX; Chapter XX; Chapter XXI; Chapter XXII; Chapter XXIII; Chapter XXIV 330 $aJesse Livermore won and lost tens of millions of dollars playing the stock and commodities markets during the early 1900s--at one point making the then astronomical amount of ten million dollars in just one month of trading. So potent a market force was he in his day that Livermore was widely believed to be the man responsible for causing the Crash of 1929. Reminiscences of a Stock Operator--the fictionalized biography of one of the greatest speculators who ever lived--vividly recounts Livermore's mastery of the markets from age fourteen. Now, more than 80 years later, Reminiscences< 410 2$aA Marketplace Book 606 $aLivermore, Jesse L. (Jesse Lauriston), 1877-1940 606 $aNew York Stock Exchange 606 $aSpeculation 606 $aStockbrokers -- United States 606 $aSpeculation 606 $aFinance$2HILCC 606 $aBusiness & Economics$2HILCC 606 $aInvestment & Speculation$2HILCC 608 $aElectronic books. 615 4$aLivermore, Jesse L. (Jesse Lauriston), 1877-1940. 615 4$aNew York Stock Exchange. 615 4$aSpeculation. 615 4$aStockbrokers -- United States. 615 0$aSpeculation 615 7$aFinance 615 7$aBusiness & Economics 615 7$aInvestment & Speculation 676 $a332.6/2 676 $a332.62 700 $aLefevre$b Edwin$f1871-1943$0888326 701 $aLowenstein$b Roger$0993451 801 0$bAU-PeEL 801 1$bAU-PeEL 801 2$bAU-PeEL 906 $aBOOK 912 $a9910461859503321 996 $aReminiscences of a Stock Operator (Special Large Print Amazon Edition)$92274689 997 $aUNINA LEADER 02150nam 2200673 450 001 9910137377803321 005 20200520144314.0 010 $a1-119-06891-6 010 $a1-119-06890-8 035 $a(CKB)3710000000551691 035 $a(EBL)4305719 035 $a(SSID)ssj0001592455 035 $a(PQKBManifestationID)16150320 035 $a(PQKBTitleCode)TC0001592455 035 $a(PQKBWorkID)14788251 035 $a(PQKB)10910006 035 $a(PQKBManifestationID)16289431 035 $a(PQKB)23737380 035 $a(MiAaPQ)EBC4305719 035 $a(DLC) 2015037221 035 $a(Au-PeEL)EBL4305719 035 $a(CaPaEBR)ebr11152522 035 $a(CaONFJC)MIL884664 035 $a(OCoLC)935254539 035 $a(PPN)197173101 035 $a(EXLCZ)993710000000551691 100 $a20160217h20162016 uy 0 101 0 $aeng 135 $aur||||||||||| 181 $ctxt 182 $cc 183 $acr 200 00$aAdvanced computational nanomechanics /$fedited by Nuno Silvestre 210 1$aChichester, West Sussex, England :$cWiley,$d2016. 210 4$dİ2016 215 $a1 online resource (328 p.) 225 1 $aMicrosystem and Nanotechnology Series 300 $aDescription based upon print version of record. 311 $a1-119-06892-4 311 $a1-119-06893-2 320 $aIncludes bibliographical references at the end of each chapters and index. 410 0$aWiley microsystem and nanotechnology series. 606 $aNanotechnology$xMathematics 606 $aNanoelectromechanical systems$xMathematical models 606 $aNanostructures$xMathematical models 606 $aMicromechanics$xMathematics 615 0$aNanotechnology$xMathematics. 615 0$aNanoelectromechanical systems$xMathematical models. 615 0$aNanostructures$xMathematical models. 615 0$aMicromechanics$xMathematics. 676 $a620/.5 702 $aSilvestre$b Nuno 801 0$bMiAaPQ 801 1$bMiAaPQ 801 2$bMiAaPQ 906 $aBOOK 912 $a9910137377803321 996 $aAdvanced computational nanomechanics$91909111 997 $aUNINA